000 00683nam a2200289Ia 4500
005 20260324144658.0
008 008 260324s9999 xx 000 0 eng d
020 _a9780429036552
037 _aEBOOK
040 _aCRL
040 _beng
040 _cCRL
041 _2eng
041 _aeng
084 _qCRL
100 _aJed C Snyder
_91220211
245 0 _aDefending The Fringe
245 0 _bNato, The Mediterranean, And The Persian Gulf
260 _bTaylor and Francis
260 _c1987
365 _a
365 _b230
856 _uhttp://www.taylorfrancis.com/books/9780429036552
942 _cEBOOK
999 _c1827120
_d1827120